NFL divisions - Statistics

General Stats
  • This quiz has been taken 110 times
  • The average score is 20 of 26
Answer Stats
Answer % Correct
East
99%
Bills
88%
South
88%
AFC
84%
Jets
83%
Chargers
81%
Ravens
81%
Vikings
81%
Bears
79%
Packers
79%
Steelers
77%
Broncos
75%
Browns
75%
Eagles
74%
NFC
74%
Raiders
74%
West
74%
Bengals
73%
Cowboys
73%
Giants
73%
Commanders
71%
Saints
70%
Titans
68%
Buccaneers
66%
Falcons
62%
Panthers
62%
No matching quizzes found
Score Distribution
Percent of People with Each Score
Percentile by Number Answered
Your Score History
You have not taken this quiz